[Event "It (open)"]
[Site "masterchessopen.com – Manresa (Spain)"]
[Round "5"]
[White "Ionescu Constantin (ROM)"]
[Black "Kogan Artur (ISR)"]
[Result "1-0"]
[WhiteElo "2490"]
[BlackElo "2500"]

1.d4 Nf6 2.c4 c5 3.d5 b5 4.Nf3 e6 5.Bg5 Qa5+ 6.Nc3 b4 7.Bxf6 gxf6 8.Ne4 b3+
9.Nc3 bxa2 10.Rxa2 Qb4 11.e4 Rg8 12.g3 f5 13.exf5 Bg7 14.fxe6 Bxc3+ 15.bxc3
Qxc3+ 16.Nd2 dxe6 17.Bg2 Na6 18.dxe6 Nb4 19.Bxa8 Qe5+ 20.Kf1 Bxe6 21.Rxa7 Qd4
22.Kg2 Nd3 23.Rf1 Bh3+ 24.Kxh3 Nf4+ 25.gxf4 Qd3+ 26.Bf3 Rg6 27.Qe2+ {#r} 1-0

[Event "Ch Norway (team)"]
[Site "masterchessopen.com – Norway"]
[Round "3"]
[White "Andersen Oivind (NOR)"]
[Black "Taksrud Vidar (NOR)"]
[Result "1-0"]
[WhiteElo "2210"]
[BlackElo "2074"]

1.d4 Nf6 2.c4 e6 3.Nf3 c5 4.d5 b5 5.Bg5 h6 6.Bxf6 Qxf6 7.Nc3 b4 8.Nb5 Na6 9.e4
exd5 10.e5 Qb6 11.cxd5 Be7 12.Bc4 O-O 13.Nd2 d6 14.f4 Nc7 15.Nxc7 Qxc7 16.Qe2
Re8 17.O-O Bd7 18.Qh5 Bf8 19.Rae1 Qc8 20.e6 fxe6 21.dxe6 Rxe6 22.f5 {#r} 1-0

[Event "It (open) \"]
[Site "masterchessopen.com – Tatranska Lomnica (Slovakia)"]
[Round "5"]
[White "Hanko Pavol (SVK)"]
[Black "Turner Jan (CZE)"]
[Result "0-1"]
[WhiteElo "2175"]
[BlackElo "2305"]

1.d4 Nf6 2.Nf3 e6 3.c4 c5 4.d5 b5 5.Bg5 bxc4 6.Nc3 Qb6 7.Rb1 Nxd5 8.Nxd5 exd5
9.Qxd5 Qc6 10.Qe5+ Qe6 11.Qxe6+ fxe6 12.e4 Bb7 13.e5 Bxf3 14.gxf3 Nc6 15.f4
Nd4 16.Bg2 Rb8 17.Kd2 d5 18.Bh4 Be7 19.Bg3 Kf7 20.Rhc1 Rb4 21.Re1 Rhb8 22.Kc1
c3 {#R} 0-1

[Event "Cup Yugoslavia (team)"]
[Site "masterchessopen.com – Ulcinj (Yugoslavia)"]
[Round "4"]
[White "Stojanovic Zoran (SRB)"]
[Black "Saric Igor (MNE)"]
[Result "1-0"]
[WhiteElo "2340"]
[BlackElo "2295"]

1.d4 Nf6 2.c4 e6 3.Nf3 c5 4.d5 b5 5.Bg5 b4 6.Nbd2 d6 7.e4 Be7 8.Bd3 Nxd5
9.exd5 Bxg5 10.dxe6 fxe6 11.Nxg5 Qxg5 12.Be4 d5 13.cxd5 Bb7 14.Qe2 Bxd5 15.Nf3
Qe7 16.O-O-O Bc6 17.Rhe1 O-O 18.Bxc6 Nxc6 19.Qxe6+ Qxe6 20.Rxe6 Rac8 21.Rd7 h6
22.Rg6 Rf5 23.Rgxg7+ Kf8 24.Rh7 Kg8 25.Rdg7+ Kf8 26.Nh4 {#r} 1-0

[Event "Ch Belgium (team) 1998/99"]
[Site "masterchessopen.com – Belgium"]
[Round "3"]
[White "Vandevoort Pascal (BEL)"]
[Black "De Wit Michel (NED)"]
[Result "0-1"]
[WhiteElo "2285"]
[BlackElo "2335"]

1.d4 Nf6 2.Nf3 c5 3.d5 e6 4.c4 b5 5.cxb5 a6 6.b6 Nxd5 7.e4 Nxb6 8.Nc3 d5 9.e5
d4 10.Ne4 Bb7 11.Bg5 Qd5 12.Ned2 N8d7 13.Bd3 Nxe5 14.Be4 Nxf3+ 15.Qxf3 Qe5
16.Bf4 Bxe4 17.Nxe4 Qd5 18.O-O Be7 19.Rfe1 O-O 20.Qg3 f6 21.b3 e5 22.Bh6 Qf7
23.Bd2 a5 24.f4 f5 25.Nxc5 exf4 26.Qxf4 Bxc5 27.Rac1 Nd5 28.Qe5 Rae8 {#R} 0-1

[Event "It"]
[Site "masterchessopen.com – Budapest (Hungary)"]
[Round "7"]
[White "Goczo Melinda (HUN)"]
[Black "Skorna Ullrich (GER)"]
[Result "1-0"]
[WhiteElo "2185"]
[BlackElo "2144"]

1.d4 Nf6 2.Nf3 e6 3.c4 c5 4.d5 b5 5.Nc3 b4 6.Nb1 Bb7 7.dxe6 fxe6 8.Bg5 Be7
9.Nbd2 O-O 10.Qc2 d5 11.e3 h6 12.Bxh6 gxh6 13.Qg6+ Kh8 14.Qxh6+ Nh7 15.Bd3 Rf7
16.Ne5 Qe8 17.Qh5 {#r} 1-0

[Event "Oberliga Baden 1997/98"]
[Site "masterchessopen.com – Germany"]
[Round "6"]
[White "Jost Christoph"]
[Black "Vonthron Horst (GER)"]
[Result "0-1"]
[WhiteElo "2265"]
[BlackElo "2350"]

1.d4 Nf6 2.Nf3 e6 3.c4 c5 4.d5 b5 5.dxe6 fxe6 6.cxb5 d5 7.e3 Bd6 8.Nc3 O-O
9.Be2 Bb7 10.O-O Nbd7 11.Qc2 Qe7 12.b3 e5 13.e4 d4 14.Bc4+ Kh8 15.Nd5 Nxd5
16.exd5 e4 17.Re1 Nf6 18.Ng5 Qe5 19.f4 Qf5 20.Bd2 Rae8 21.Ne6 Rf7 22.b4 Bxd5
23.Bxd5 Qxd5 24.Nxc5 e3 25.Bc1 Bxf4 26.Qd3 Bxh2+ {#R} 0-1

[Event "VL1 Ruhrgebiet 1998/99"]
[Site "masterchessopen.com – Germany"]
[Round "4"]
[White "Kreul Helmut (GER)"]
[Black "Torres Kuckel Rafael (GER)"]
[Result "0-1"]
[WhiteElo "2114"]
[BlackElo "2243"]

1.d4 Nf6 2.Nf3 c5 3.d5 e6 4.c4 b5 5.Nc3 b4 6.Nb1 Bb7 7.Bg5 h6 8.Bxf6 Qxf6 9.e4
g5 10.e5 Qf4 11.dxe6 fxe6 12.Bd3 g4 13.Bg6+ Kd8 14.Qd2 Qxc4 15.Nh4 Be7 16.Bd3
Qd4 17.Ng6 Bg5 18.Qe2 Rg8 19.Nd2 Qxb2 20.Rd1 Bxg2 21.Rg1 Bxd2+ 22.Qxd2 Qxd2+
23.Rxd2 Bf3 24.Nf4 Nc6 25.Rc2 Rg5 26.Rxc5 Rxe5+ 27.Rxe5 Nxe5 28.Kd2 Rc8 {#R}
0-1

[Event "It (open)"]
[Site "masterchessopen.com – Godesburg (Germany)"]
[Round "0"]
[White "Podzielny Karl-Heinz (GER)"]
[Black "Ebert Manfred (GER)"]
[Result "1-0"]
[WhiteElo "2500"]
[BlackElo "2086"]

1.d4 Nf6 2.Nf3 c5 3.d5 e6 4.c4 b5 5.dxe6 fxe6 6.cxb5 Bb7 7.Nc3 Be7 8.Bf4 d5
9.e3 O-O 10.Be2 Bd6 11.Bxd6 Qxd6 12.e4 Nbd7 13.exd5 exd5 14.O-O d4 15.b4 cxb4
16.Na4 d3 17.Bxd3 Qf4 18.Qd2 Qg4 19.h3 Qh5 20.Ng5 Ne5 21.f4 Nxd3 22.Qxd3 Rae8
23.Nc5 Bxg2 24.Kxg2 Re2+ 25.Rf2 Rxf2+ 26.Kxf2 Qh4+ 27.Qg3 Ng4+ 28.Kg2 Ne3+
{#r} 1-0

[Event "Ch Hungary (team) 1998/99"]
[Site "masterchessopen.com – Hungary"]
[Round "0"]
[White "Goczo Melinda (HUN)"]
[Black "Masat Adam (HUN)"]
[Result "1-0"]
[WhiteElo "2185"]
[BlackElo "2171"]

1.d4 Nf6 2.Nf3 e6 3.c4 c5 4.d5 b5 5.Bg5 Qa5+ 6.Nc3 b4 7.Bxf6 gxf6 8.Ne4 Bg7
9.Qd2 O-O 10.g4 Na6 11.Bh3 Qd8 12.Qf4 Re8 13.O-O e5 14.Qf5 d6 15.Qh5 Nb8
16.Kh1 h6 17.Rg1 Qe7 18.Nh4 a5 19.Rg3 Ra7 20.Rag1 Kh8 21.Nf5 Bxf5 22.gxf5 Rg8
23.Rxg7 Rxg7 24.Qxh6+ Rh7 25.Nxf6 {#r} 1-0

[Event "It (open)"]
[Site "masterchessopen.com – Krynica (Poland)"]
[Round "0"]
[White "Stempin Pawel (POL)"]
[Black "Pinski Jan (POL)"]
[Result "1-0"]
[WhiteElo "2405"]
[BlackElo "2320"]

1.d4 Nf6 2.Nf3 c5 3.d5 e6 4.c4 b5 5.Bg5 Qa5+ 6.Nbd2 bxc4 7.Bxf6 gxf6 8.e4 Rg8
9.g3 Rg4 10.Bh3 h5 11.O-O Ba6 12.Re1 Bh6 13.Qc2 Qb5 14.Bxg4 hxg4 15.Nh4 d6
16.f4 gxf3 17.Ndxf3 Nd7 18.dxe6 fxe6 19.Rad1 Bf8 20.e5 fxe5 21.Qg6+ Kd8 22.Ng5
Be7 23.Nxe6+ Kc8 24.Qe8+ {#r} 1-0

[Event "It (open)"]
[Site "masterchessopen.com – Mataro (Spain)"]
[Round "0"]
[White "Vives Cabau Jordi (ESP)"]
[Black "Zancas Vidal Francisco M (ESP)"]
[Result "0-1"]
[WhiteElo "2066"]
[BlackElo "1990"]

1.d4 Nf6 2.Nf3 c5 3.d5 e6 4.c4 b5 5.dxe6 fxe6 6.Nbd2 Qa5 7.cxb5 a6 8.b6 d5
9.g3 Qxb6 10.Bg2 Bd6 11.e4 Nc6 12.O-O O-O 13.exd5 exd5 14.Nc4 dxc4 15.Qxd6 Rd8
16.Qf4 Be6 17.Be3 Bd5 18.Nd2 Nd4 19.Bxd4 cxd4 20.Bxd5+ Nxd5 21.Nxc4 Qc5 22.Qc1
Rac8 23.Na3 Qb4 24.Qb1 Rc6 25.Rc1 Rxc1+ 26.Qxc1 d3 27.Qg5 Nf6 28.Qe5 d2 {#R}
0-1

[Event "Ch Slovakia"]
[Site "masterchessopen.com – Prievidza (Slovakia)"]
[Round "4"]
[White "Henc Renata (POL)"]
[Black "Kantorik Marian (SVK)"]
[Result "0-1"]
[WhiteElo "2172"]
[BlackElo "2305"]

1.d4 Nf6 2.Nf3 e6 3.c4 c5 4.d5 b5 5.a4 bxc4 6.Nc3 exd5 7.Nxd5 Bb7 8.e4 Nxd5
9.exd5 Qe7+ 10.Be2 Qe4 11.O-O Qxd5 12.Qc2 Be7 13.Bxc4 Qh5 14.Be2 Nc6 15.Re1
O-O 16.Ng5 Qh4 17.g3 Nd4 18.Qb1 Qh6 19.Ba6 Bxa6 20.Rxe7 Rae8 21.Qe4 Bb7 22.Qe3
Qc6 23.f3 Rxe7 24.Qxe7 Nxf3+ 25.Kf2 Nxg5 {#R} 0-1

[Event "Ch Sarospatak"]
[Site "masterchessopen.com – Sarospatak (Hungary)"]
[Round "0"]
[White "Suto Gabor (HUN)"]
[Black "Gonczi Jozsef (HUN)"]
[Result "1-0"]
[WhiteElo "2184"]
[BlackElo "2138"]

1.d4 Nf6 2.c4 e6 3.Nf3 c5 4.d5 b5 5.Bg5 bxc4 6.e4 Qa5+ 7.Bd2 Qb6 8.Nc3 Bb7
9.Bxc4 Nxe4 10.Nxe4 exd5 11.Neg5 dxc4 12.O-O Bd5 13.Re1+ Be6 14.Ne5 Be7
15.Nexf7 Bxf7 16.Nxf7 O-O 17.Rxe7 Qf6 18.Bg5 Qf5 19.g4 Qg6 20.Qb1 Qc6 21.Nh6+
{#r} 1-0

[Event "It (open)"]
[Site "masterchessopen.com – Bad Wiessee (Germany)"]
[Round "2"]
[White "Schaefer Michael (GER)"]
[Black "Gretzinger Heinz (GER)"]
[Result "1-0"]
[WhiteElo "2231"]
[BlackElo "1940"]

1.d4 Nf6 2.c4 c5 3.d5 b5 4.Nf3 e6 5.Bg5 h6 6.Bxf6 Qxf6 7.Nc3 b4 8.Nb5 Na6 9.e4
Be7 10.Bd3 d6 11.e5 dxe5 12.d6 Bd8 13.Be4 Rb8 14.Bc6+ Bd7 15.Bxd7+ Kxd7 16.Qa4
Rb6 17.Nc7+ Kc8 18.Nxa6 Rxd6 19.Nxc5 Qe7 20.O-O Bb6 21.Ne4 Rd7 22.Nxe5 Rc7
23.Rad1 Rd8 24.Rxd8+ Qxd8 25.Rd1 Qh4 26.Qe8+ Kb7 27.Nd6+ Ka6 28.Qb5# 1-0

[Event "It (matches)"]
[Site "masterchessopen.com – Cannes (France)"]
[Round "4"]
[White "Mohebbi Jaffar (FRA)"]
[Black "Izeta Txabarri Felix (ESP)"]
[Result "0-1"]
[WhiteElo "2292"]
[BlackElo "2505"]

1.d4 Nf6 2.Nf3 c5 3.d5 b5 4.c4 e6 5.a4 b4 6.e4 Nxe4 7.Bd3 Nf6 8.O-O Be7 9.Bc2
exd5 10.cxd5 d6 11.Re1 O-O 12.Bg5 Bg4 13.Qd3 Nbd7 14.Nbd2 Bh5 15.Nh4 Re8
16.Nf5 Bg6 17.Nc4 Bf8 18.Re3 h6 19.Bh4 Bxf5 20.Qxf5 {#R} 0-1

[Event "It (open) \"]
[Site "masterchessopen.com – Gausdal (Norway)"]
[Round "8"]
[White "Johansson Per (SWE)"]
[Black "Tallaksen Geir S (NOR)"]
[Result "1-0"]
[WhiteElo "2099"]
[BlackElo "2409"]

1.d4 e6 2.Nf3 Nf6 3.c4 c5 4.d5 b5 5.dxe6 fxe6 6.cxb5 d5 7.g3 Bd6 8.Bg2 O-O
9.O-O Nbd7 10.Nbd2 Bb7 11.e4 Qe7 12.exd5 Bxd5 13.Qe2 Ng4 14.Nc4 Bc7 15.h3 Ngf6
16.b3 Ne4 17.Qe3 Ndf6 18.Nfd2 Nxd2 19.Bxd2 Bxg2 20.Kxg2 Nd5 21.Qe4 Qd7 22.a4
Rf6 23.Ne5 Qd6 24.f4 {#r} 1-0

[Event "It (open)"]
[Site "masterchessopen.com – Hamburg (Germany)"]
[Round "8"]
[White "Albers Andreas (GER)"]
[Black "Steinbrenner Juerg (GER)"]
[Result "0-1"]
[WhiteElo "1903"]
[BlackElo "2136"]

1.d4 Nf6 2.c4 e6 3.Nf3 c5 4.d5 b5 5.Bg5 d6 6.Bxf6 Qxf6 7.Qc2 exd5 8.cxd5 g6
9.e4 a6 10.Nbd2 Bg7 11.Rb1 Nd7 12.Be2 O-O 13.O-O Re8 14.a4 c4 15.a5 Bb7
16.Rfe1 Rac8 17.Nf1 Nc5 18.N3d2 Re7 19.Ne3 Rce8 20.Bxc4 bxc4 21.Nexc4 Bxd5
{#R} 0-1

[Event "It (open)"]
[Site "masterchessopen.com – Hamburg (Germany)"]
[Round "4"]
[White "Matamoros Franco Carlos S (ECU)"]
[Black "Steinbrenner Juerg (GER)"]
[Result "1-0"]
[WhiteElo "2462"]
[BlackElo "2136"]

1.d4 Nf6 2.c4 e6 3.Nf3 c5 4.d5 b5 5.dxe6 fxe6 6.cxb5 d5 7.Nc3 d4 8.Na4 Bd6
9.e3 O-O 10.exd4 cxd4 11.Qxd4 Bb7 12.Be3 Qe7 13.Be2 Nbd7 14.O-O e5 15.Qh4 Bxf3
16.Bxf3 e4 17.Be2 Ne5 18.Rad1 Qe6 19.Nc5 Qe7 20.Nxe4 Nxe4 21.Qxe4 Rad8 22.f4
{#r} 1-0

[Event "Tournament (provincial)"]
[Site "masterchessopen.com – Matanzas (Cuba)"]
[Round "0"]
[White "Torres Ariel (CUB)"]
[Black "Perez Jesus (CUB)"]
[Result "1-0"]
[WhiteElo "2162"]
[BlackElo "2080"]

1.d4 Nf6 2.c4 e6 3.Nf3 c5 4.d5 b5 5.a4 bxc4 6.Nc3 exd5 7.Nxd5 Bb7 8.e4 Nxe4
9.Bxc4 Bd6 10.O-O O-O 11.Re1 f5 12.Rxe4 fxe4 13.Bg5 Qa5 14.Bd2 Qd8 15.Bg5 Qa5
16.Bd2 Qd8 17.Ng5 Kh8 18.Qh5 h6 19.Qg6 {#r} 1-0

[Event "Cup Russia (open)"]
[Site "masterchessopen.com – Novgorod (Russia)"]
[Round "7"]
[White "Malinin Yuri (RUS)"]
[Black "Iljinsky Yaroslav (RUS)"]
[Result "0-1"]
[WhiteElo "2351"]
[BlackElo "2276"]

1.d4 Nf6 2.c4 e6 3.Nf3 c5 4.d5 b5 5.Bg5 Qa5+ 6.Nbd2 Be7 7.b4 cxb4 8.e4 exd5
9.e5 dxc4 10.exf6 gxf6 11.Be3 Nc6 12.Nd4 Nxd4 13.Bxd4 d5 14.Qf3 Be6 15.Bxf6
Bxf6 16.Qxf6 Rg8 17.Be2 Qd8 18.Qf3 Qg5 19.a4 bxa3 20.Qxa3 Qxg2 21.Bf3 Qg5
22.Rb1 Qe5+ 23.Be2 d4 24.Kd1 d3 25.Bf3 c3 26.Rb4 Rc8 {#R} 0-1

[Event "It (open)"]
[Site "masterchessopen.com – Pardubice (Czech Republic)"]
[Round "5"]
[White "Votava Jan (CZE)"]
[Black "Sermek Drazen (CRO)"]
[Result "1-0"]
[WhiteElo "2497"]
[BlackElo "2545"]

1.d4 Nf6 2.Nf3 e6 3.c4 c5 4.d5 b5 5.Bg5 Qa5+ 6.Qd2 Qxd2+ 7.Nbxd2 Na6 8.O-O-O
bxc4 9.e4 Bb7 10.Bxc4 h6 11.Bh4 g5 12.Bg3 exd5 13.exd5 d6 14.Rhe1+ Kd7 15.Ne5+
dxe5 16.Bb5+ Kd8 17.Bxe5 Bg7 18.Nc4 Nb4 19.Nd6 Bxd5 20.a3 Bb3 21.axb4 Bxd1
22.Rxd1 Ke7 23.bxc5 a5 24.Bc4 Rhd8 25.c6 Ne8 26.Nf5+ Kf8 27.Rxd8 Rxd8 28.Nxg7
Nd6 {#r} 1-0

[Event "Tournament"]
[Site "masterchessopen.com – Provence (France)"]
[Round "8"]
[White "Montagard Guillaume (FRA)"]
[Black "Deleau Denis (FRA)"]
[Result "0-1"]
[WhiteElo "2029"]
[BlackElo "2112"]

1.d4 Nf6 2.c4 c5 3.d5 b5 4.Nf3 e6 5.dxe6 fxe6 6.cxb5 d5 7.e3 Bd6 8.Be2 O-O
9.Nbd2 Bb7 10.O-O Nbd7 11.h3 e5 12.e4 Qe7 13.Qc2 dxe4 14.Bc4+ Kh8 15.Ng5 e3
16.Nde4 Nxe4 17.Nxe4 exf2+ 18.Nxf2 e4 19.Be3 Nf6 20.Rfd1 Qe5 21.Qd2 Rad8
22.Rac1 Qh2+ 23.Kf1 Nh5 24.Qc2 Ng3+ 25.Ke1 Qg1+ 26.Kd2 Be5+ 27.Nd3 Rf2+ {#R}
0-1

[Event "Ch Croatia (team) (2nd league)"]
[Site "masterchessopen.com – Pula (Croatia)"]
[Round "6"]
[White "Martic Zlatko (CRO)"]
[Black "Majeric Zoran (CRO)"]
[Result "1-0"]
[WhiteElo "2302"]
[BlackElo "2333"]

1.d4 Nf6 2.Nf3 e6 3.c4 c5 4.d5 b5 5.Bg5 bxc4 6.Nc3 Qa5 7.Bxf6 gxf6 8.e4 Na6
9.Nd2 Rb8 10.Nxc4 Qd8 11.Qh5 Qc7 12.dxe6 dxe6 13.e5 fxe5 14.Ne4 Be7 15.O-O-O
O-O 16.Ng5 {#r} 1-0

[Event "It (open)"]
[Site "masterchessopen.com – Schwabisch Gmund (Germany)"]
[Round "8"]
[White "Podzielny Karl-Heinz (GER)"]
[Black "Duppel Matthias (GER)"]
[Result "1-0"]
[WhiteElo "2512"]
[BlackElo "2358"]

1.d4 Nf6 2.Nf3 c5 3.d5 b5 4.c4 e6 5.Bg5 h6 6.Bxf6 Qxf6 7.Nbd2 g5 8.g3 exd5
9.cxd5 a6 10.a4 Bb7 11.e4 c4 12.Bh3 Bc5 13.O-O O-O 14.Qc2 Qg7 15.Bf5 g4 16.Nh4
d6 17.Kh1 Bd4 18.Ra2 Re8 19.f3 h5 20.fxg4 hxg4 21.Rf4 Kh8 22.Rxg4 Qf6 23.Ndf3
Be3 24.Ng6+ Kg7 25.Ra3 Bh6 26.Nf4+ Kf8 27.Nh5 Qh8 28.Qf2 {#r} 1-0

[Event "It"]
[Site "masterchessopen.com – Techirghiol (Romania)"]
[Round "13"]
[White "Solcanean Serghei (MDA)"]
[Black "Tikhomirov Sergei (MDA)"]
[Result "1-0"]
[WhiteElo "2252"]
[BlackElo "2355"]

1.d4 Nf6 2.Nf3 c5 3.d5 e6 4.c4 b5 5.Bg5 exd5 6.cxd5 d6 7.e4 a6 8.Nbd2 Be7 9.a4
bxa4 10.Qxa4+ Bd7 11.Qc2 O-O 12.Bd3 h6 13.Bf4 Bg4 14.O-O Nh5 15.Bg3 Nd7
16.Bxa6 Bxf3 17.Nxf3 Nxg3 18.hxg3 Qb6 19.Bc4 Bf6 20.Rab1 Qb4 21.Ne1 Ne5 {#r}
1-0

[Event "It (cat.5)"]
[Site "masterchessopen.com – Bucharest (Romania)"]
[Round "8"]
[White "Raceanu Valentin (ROM)"]
[Black "Babici Roman (RUS)"]
[Result "1-0"]
[WhiteElo "2277"]
[BlackElo "2260"]

1.d4 e6 2.c4 Nf6 3.Nf3 c5 4.d5 b5 5.dxe6 fxe6 6.cxb5 d5 7.e3 Bd6 8.Nbd2 O-O
9.Qc2 Bb7 10.b3 Qe7 11.Bd3 a6 12.O-O axb5 13.Bxb5 Na6 14.a3 h6 15.Bb2 e5 16.e4
dxe4 17.Nh4 Nh5 18.Bc4+ Rf7 19.Nf5 Qd7 20.Bxf7+ Kxf7 21.Nxe4 Bf8 22.Rad1 Qc6
23.Ned6+ Ke6 24.Qc4+ Kf6 25.Qf7+ {#r} 1-0

[Event "It (open)"]
[Site "masterchessopen.com – Cannes (France)"]
[Round "2"]
[White "Otmani Kamel (FRA)"]
[Black "Liardet Fabrice (SUI)"]
[Result "0-1"]
[WhiteElo "2181"]
[BlackElo "2351"]

1.d4 Nf6 2.c4 c5 3.d5 b5 4.Nf3 e6 5.dxe6 fxe6 6.cxb5 Bb7 7.Nbd2 Be7 8.e3 O-O
9.Be2 d5 10.O-O Nbd7 11.Qc2 Qe8 12.Ng5 Bd6 13.Bd3 Qh5 14.Ndf3 Ne4 15.Bxe4 dxe4
16.Nxe4 Rxf3 17.Nxd6 Rh3 18.Nxb7 Rxh2 19.f3 Qh4 {#R} 0-1

[Event "Ch France (team) 2000"]
[Site "masterchessopen.com – France"]
[Round "4"]
[White "Karr Jean-Philippe (FRA)"]
[Black "Guidarelli Laurent (FRA)"]
[Result "1-0"]
[WhiteElo "2353"]
[BlackElo "2297"]

1.d4 Nf6 2.c4 c5 3.d5 b5 4.Nf3 e6 5.dxe6 fxe6 6.cxb5 d5 7.Bg5 Be7 8.a4 a6
9.Na3 c4 10.Nc2 O-O 11.g3 h6 12.Be3 axb5 13.axb5 Rxa1 14.Qxa1 e5 15.Nxe5 d4
16.Bxd4 Ne4 17.Qa4 Bg5 18.Qxc4+ Kh7 19.Bg2 Nd2 20.Qd3+ Bf5 21.e4 Nd7 22.Nxd7
Bxd7 23.h4 {#r} 1-0

[Event "Ch Asturias (qual) (preferential)"]
[Site "masterchessopen.com – Gijon (Spain)"]
[Round "1"]
[White "Fernandez Cueto Ruben (ESP)"]
[Black "Gonzalez Fuente Carlos (ESP)"]
[Result "0-1"]
[WhiteElo "1967"]
[BlackElo "2244"]

1.d4 Nf6 2.Nf3 c5 3.d5 e6 4.c4 b5 5.a4 bxc4 6.Nc3 exd5 7.Nxd5 Bb7 8.Nxf6+ Qxf6
9.Qc2 d5 10.g3 Nc6 11.Bg2 Nb4 12.Qb1 c3 13.Bg5 Qg6 14.bxc3 Nc2+ 15.Kf1 Ba6
16.Nh4 Qxg5 17.Qxc2 Rd8 18.Kg1 Be7 19.h3 Qe5 20.Nf5 Bf6 21.Kh2 O-O 22.e3 Bc8
23.e4 dxe4 24.Bxe4 Rfe8 25.Rhe1 Qxc3 26.Rac1 Bxf5 27.Bxf5 Rxe1 {#R} 0-1

[Event "It (cat.3)"]
[Site "masterchessopen.com – Harkany (Hungary)"]
[Round "1"]
[White "Belotelov Dmitriy (RUS)"]
[Black "Molnar Bela (HUN)"]
[Result "1-0"]
[WhiteElo "2270"]
[BlackElo "2373"]

1.d4 Nf6 2.c4 c5 3.d5 b5 4.Nf3 e6 5.Bg5 Qa5+ 6.Nbd2 bxc4 7.e4 Nxe4 8.Bxc4 h6
9.Bf4 Bd6 10.Be3 Nxd2 11.Nxd2 Bb7 12.O-O exd5 13.Nb3 Qc7 14.Bxd5 Bxd5 15.Qxd5
O-O 16.h3 Na6 17.Rad1 Bh2+ 18.Kh1 Be5 19.Nxc5 Nxc5 20.Bxc5 Rfc8 21.b4 a5 22.a3
Rab8 23.f4 Bxf4 24.Qf5 d6 25.Rxf4 dxc5 26.Rd7 {#r} 1-0

[Event "It (open)"]
[Site "masterchessopen.com – Leutersdorf (Germany)"]
[Round "5"]
[White "Krivoshey Sergei (UKR)"]
[Black "Skorna Ullrich (GER)"]
[Result "1-0"]
[WhiteElo "2429"]
[BlackElo "2168"]

1.d4 e6 2.c4 Nf6 3.Nf3 c5 4.d5 b5 5.Bg5 h6 6.Bxf6 Qxf6 7.Nc3 b4 8.Nb5 Kd8 9.e4
e5 10.a3 Bb7 11.a4 a5 12.Be2 d6 13.O-O g5 14.Ne1 Qf4 15.Qc2 b3 16.Qxb3 Bc8
17.Qc2 g4 18.g3 Qg5 19.f4 gxf3 20.Nxf3 Qe3+ 21.Kg2 Bd7 {#r} 1-0

[Event "It (open)"]
[Site "masterchessopen.com – Linares (Spain)"]
[Round "3"]
[White "Piankov Evgenij (UKR)"]
[Black "Felizes Paulo (POR)"]
[Result "1-0"]
[WhiteElo "2365"]
[BlackElo "2134"]

1.d4 Nf6 2.Nf3 c5 3.d5 e6 4.c4 b5 5.dxe6 fxe6 6.cxb5 d5 7.e3 Bd6 8.b3 O-O
9.Bb2 Nbd7 10.Bd3 Bb7 11.Nbd2 Qe7 12.Qe2 Ne4 13.O-O Rf5 14.g3 Qf7 15.Ne1 Be5
16.Bxe5 Nxe5 17.Rc1 Rh5 18.f4 Nxd3 19.Nxd3 Nxd2 20.Qxd2 d4 21.Nxc5 dxe3
22.Qxe3 Bd5 23.Nd3 Qb7 24.a4 a6 25.b6 Rd8 26.Rc7 {#r} 1-0

[Event "Cup Russia (open)"]
[Site "masterchessopen.com – Moscow (Russia)"]
[Round "8"]
[White "Zakharevich Igor (RUS)"]
[Black "Abelev Oleg (RUS)"]
[Result "1-0"]
[WhiteElo "2485"]
[BlackElo "2304"]

1.d4 Nf6 2.c4 c5 3.d5 b5 4.Nf3 e6 5.Bg5 Qa5+ 6.Nbd2 bxc4 7.Bxf6 gxf6 8.e4 Bb7
9.Bxc4 Bg7 10.O-O O-O 11.Rc1 Na6 12.Rc3 Nb4 13.Nh4 Qc7 14.a3 Na6 15.f4 f5
16.Rg3 Kh8 17.e5 Rg8 18.Qh5 Bxe5 19.fxe5 Qxe5 20.Qxf7 Qd4+ 21.Kh1 Rxg3 22.hxg3
Qxd2 23.Qf6+ Kg8 24.dxe6 {#r} 1-0

[Event "It (open)"]
[Site "masterchessopen.com – Naujac (France)"]
[Round "2"]
[White "Kouatly Bachar (FRA)"]
[Black "Gregory Daniel (FRA)"]
[Result "1-0"]
[WhiteElo "2485"]
[BlackElo "2068"]

1.d4 Nf6 2.c4 c5 3.d5 b5 4.Nf3 e6 5.Bg5 Qa5+ 6.Bd2 Qb6 7.Qc2 exd5 8.cxd5 d6
9.e4 Nbd7 10.a4 bxa4 11.Qxa4 Be7 12.Bb5 a6 13.Bc6 Rb8 14.Bc3 O-O 15.Nbd2 Qc7
16.O-O Bd8 17.Rfe1 Nb6 18.Qa2 Nfd7 19.e5 dxe5 20.Nxe5 Qa7 21.Ne4 f5 22.d6+ c4
23.Nxc4 fxe4 24.Ne5+ Kh8 25.Nf7+ Rxf7 26.Qxf7 {#r} 1-0

[Event "Ch Ukraine"]
[Site "masterchessopen.com – Sevastopol (Ukraine)"]
[Round "5"]
[White "Borovikov Vladislav (UKR)"]
[Black "Sharapov Evgeny (UKR)"]
[Result "1-0"]
[WhiteElo "2529"]
[BlackElo "2414"]

1.d4 Nf6 2.Nf3 c5 3.d5 e6 4.c4 b5 5.Bg5 Qa5+ 6.Nc3 Ne4 7.cxb5 Bb7 8.dxe6 fxe6
9.Bd2 Nxd2 10.Nxd2 d5 11.e4 d4 12.Qh5+ Kd8 13.Nc4 Qb4 14.O-O-O g6 15.Qe5 Bh6+
16.Kb1 Rf8 17.Qd6+ Kc8 18.a3 Qb3 19.Qxc5+ {#r} 1-0

[Event "It (open) (active)"]
[Site "masterchessopen.com – Tallinn (Estonia)"]
[Round "1"]
[White "Vaher Andres (EST)"]
[Black "Tuovinen Jukka (FIN)"]
[Result "1-0"]
[WhiteElo "2179"]
[BlackElo "2076"]

1.d4 Nf6 2.c4 e6 3.Nf3 c5 4.d5 b5 5.Nc3 b4 6.Na4 exd5 7.cxd5 d6 8.Bg5 Be7 9.e3
O-O 10.Bc4 Nbd7 11.O-O Bb7 12.a3 bxa3 13.Rxa3 Nb6 14.Nxb6 axb6 15.Rxa8 Qxa8
16.e4 Qd8 17.Qb3 h6 18.Bxf6 Bxf6 19.Ra1 Qc7 20.Qb5 Ra8 21.Rxa8+ Bxa8 22.Qe8+
{#r} 1-0

[Event "It (open)"]
[Site "masterchessopen.com – Vlissingen (Netherlands)"]
[Round "4"]
[White "Barsov Alexei (UZB)"]
[Black "Tiggelman Rene (NED)"]
[Result "1-0"]
[WhiteElo "2534"]
[BlackElo "2165"]

1.d4 Nf6 2.Nf3 c5 3.d5 e6 4.c4 b5 5.Bg5 Bb7 6.e4 Qa5+ 7.Nbd2 bxc4 8.Bxc4 Be7
9.O-O O-O 10.e5 exd5 11.exf6 gxf6 12.Bh6 dxc4 13.Ne5 f5 14.Qh5 Bd5 15.Qxf5 Be6
16.Qf3 {#r} 1-0

[Event "Ch Slovakia (open)"]
[Site "masterchessopen.com – Zvolen (Slovakia)"]
[Round "5"]
[White "Hanko Pavol (SVK)"]
[Black "Mrkonjic Nenad (CRO)"]
[Result "1-0"]
[WhiteElo "2195"]
[BlackElo "2289"]

1.d4 Nf6 2.Nf3 c5 3.d5 e6 4.c4 b5 5.Bg5 Qb6 6.Qc2 exd5 7.Bxf6 Qxf6 8.cxd5 d6
9.e4 a6 10.a4 b4 11.Nbd2 Nd7 12.a5 g5 13.Nc4 g4 14.Nfd2 Bh6 15.Be2 Rg8 16.O-O
Rg6 17.Rfe1 Rb8 18.Bd3 Rg5 19.e5 Rxe5 20.Nxe5 Nxe5 21.Nc4 Bf4 22.g3 Kf8 23.Be4
Nf3+ 24.Bxf3 gxf3 25.Qxh7 Bh6 26.Nxd6 Qxd6 27.Qh8# 1-0